000 00604nam a2200157 i 4500
001 162988
003 ES-MaACL
005 20230906212637.0
008 050707s1873 xxka | |||||||| ||eng d
040 _aCAM
_bspa
_cCAM
100 1 _aRawlinson, George.
_995610
245 1 4 _aThe sixth great oriental monarchy or The geography, history & antiquites of Parthia ... /
_cby George Rawlinson.
260 _aLondon :
_bLongmans, Green and co.,
_c1873 (
_fprinted by Spottiswood and co.)
300 _aXIII, 458 p., [1] h. de lám., [2] h. pleg. de mapa ;
_c23 cm.
852 _aES-MaACL
_jG-11511
_z-- Enc. tela
999 _c162988
_d162988